Sous le masque de "William Shakespeare" (Record no. 90148)

MARC details
000 -LEADER
campo de control de longitud fija 00693nam a2200193 i 4500
001 - NÚMERO DE CONTROL
campo de control 90148
003 - IDENTIFICADOR DE NÚMERO DE CONTROL
campo de control ES-MaACL
005 - FECHA Y HORA DE LA ÚLTIMA TRANSACCIÓN
campo de control 20250909180114.0
007 - CAMPO FIJO DE DESCRIPCIÓN FÍSICA--INFORMACIÓN GENERAL
campo de control de longitud fija t|
008 - DATOS DE LONGITUD FIJA--INFORMACIÓN GENERAL
campo de control de longitud fija 050118s1919 fr ||||1| fre d
100 1# - ENTRADA PRINCIPAL--NOMBRE DE PERSONA
Nombre de persona Lefranc, Abel,
Fechas asociadas al nombre 1863-1952
9 (RLIN) 71251
245 10 - MENCIÓN DEL TÍTULO
Título Sous le masque de "William Shakespeare"
Resto del título : William Stanley, VIe comte de Derby, avec 4 portraits et 5 fac-similés. /
Mención de responsabilidad, etc. Abel Lefranc.
260 ## - PUBLICACIÓN, DISTRIBUCIÓN, ETC.
Lugar de publicación, distribución, etc. Paris :
Nombre del editor, distribuidor, etc. Payot,
Fecha de publicación, distribución, etc. 1919 (
Lugar de fabricación/manufactura Mayenne :
Fabricante Ch. Colin)
300 ## - DESCRIPCIÓN FÍSICA
Extensión 2 v. ;
Dimensiones 19 cm.
600 14 - PUNTO DE ACCESO ADICIONAL DE MATERIA--NOMBRE DE PERSONA
Nombre de persona Shakespeare, William,
Fechas asociadas al nombre 1564-1616
9 (RLIN) 105992
600 17 - PUNTO DE ACCESO ADICIONAL DE MATERIA--NOMBRE DE PERSONA
Nombre de persona Derby, William Stanley,
Títulos y otros términos asociados al nombre Earl of,
Fechas asociadas al nombre -1642
Fuente del encabezamiento o término
9 (RLIN) 158532
852 ## - LOCALIZACIÓN
Ubicación ES-MaACL
Número de control de estantería F-5841-42
Holdings
Estatus retirado Estado de pérdida Estado de daño No para préstamo Biblioteca de origen Biblioteca actual Ubicación en estantería Fecha de adquisición Fuente de adquisición Total de préstamos Signatura topográfica completa Código de barras Visto por última vez Precio de reemplazo Tipo de ítem Koha
        Biblioteca del Ateneo de Madrid Biblioteca del Ateneo de Madrid Depósito 2 17/01/2008     F-5841-42 1094141 23/02/2023 23/02/2023 Libro impreso